V Sympozjum na temat Badanie przyczyn i zapobieganie awariom konstrukcji budowlanych : (Rekord nr 18506)
| 000 -ETYKIETA REKORDU | |
|---|---|
| podpole kontrolne o stałej długości | 00815nam a2200241 i 4500 |
| 001 - NUMER KONTROLNY REKORDU | |
| pole kontrolne | bg |
| 040 ## - ŹRÓDŁO KATALOGOWANIA | |
| Instytucja, która utworzyła rekord | BPK |
| 041 ## - KOD JĘZYKA | |
| Kod języka tekstu | pol |
| 080 ## - UNIWERSALNA KLASYFIKACJA DZIESIĘTNA - UKD | |
| UKD | 624 |
| 080 ## - UNIWERSALNA KLASYFIKACJA DZIESIĘTNA - UKD | |
| UKD | 69 |
| 080 ## - UNIWERSALNA KLASYFIKACJA DZIESIĘTNA - UKD | |
| UKD | 614.7 |
| 080 ## - UNIWERSALNA KLASYFIKACJA DZIESIĘTNA - UKD | |
| UKD | (06) |
| 008 - POLE O STAŁEJ DŁUGOŚCI - DANE KONTROLNE | |
| podpole kontrolne o stałej długości | s pl f |000 0 pol |
| 245 00 - TYTUŁ/ODPOWIEDZIALNOŚĆ | |
| Tytuł | V Sympozjum na temat Badanie przyczyn i zapobieganie awariom konstrukcji budowlanych : |
| Ciąg dalszy tytułu | Szczecin, maj 1979 : referaty / |
| Pozostałe elementy strefy tytułu i oznaczenia odpowiedzialności | [kom. red. Edward Motyl, Mieczysław Ołtarzewski, Hieronim Priebe]. |
| 246 ## - WARIANT TYTUŁU | |
| Tytuł | Badanie przyczyn i zapobieganie awariom konstrukcji budowlanych |
| 260 ## - STREFA ADRESU WYDAWNICZEGO | |
| Miejsce wydania | Szczecin, |
| Data publikacji, dystrybucji/powstania dokumentu | 1979. |
| 650 #4 - HASŁO PRZEDMIOTOWE W FORMIE NAZWY OGÓLNEJ LUB JEDNOSTKOWEJ | |
| Nazwa ogólna lub geograficzna | Konstrukcje budowlane |
| Określnik ogólny | bezpieczeństwo |
| 655 #4 - TERMIN INDEKSOWY - OKREŚLENIE RODZAJU/FORMY DOKUMENTU | |
| Określenie rodzaju/formy dokumentu | Materiały konferencyjne |
| 700 1# - HASŁO DODATKOWE - NAZWA OSOBOWA | |
| Nazwa osobowa | Motyl, Edward. |
| Określenie związku między hasłem a opisywanym materiałem | Red. |
| 700 1# - HASŁO DODATKOWE - NAZWA OSOBOWA | |
| Nazwa osobowa | Ołtarzewski, Mieczysław. |
| Określenie związku między hasłem a opisywanym materiałem | Red. |
| 700 1# - HASŁO DODATKOWE - NAZWA OSOBOWA | |
| Nazwa osobowa | Priebe, Hieronim |
| Daty związane z nazwą | (1925- ). |
| Określenie związku między hasłem a opisywanym materiałem | Red. |
| 856 ## - LOKALIZACJA I DOSTĘP DO ELEKTRONICZNYCH DOKUMENTÓW ZDALNYCH | |
| Link (URL) | http://koha.tu.koszalin.pl/cgi-bin/koha/opac-detail.pl?biblionumber=18506 |
| Tekst linku | Katalog online BPK |
| 942 ## - DODATKOWE ELEMENTY (KOHA) | |
| Typ dokumentu | Książka |
| Wycofany | Status egzemplarza | Uszkodzony | Dostępność | Lokalizacja stała | Lokalizacja bieżąca | Miejsce przechowywania | Sygnatura | Kod kreskowy | Typ dokumentu |
|---|---|---|---|---|---|---|---|---|---|
| Dostępny | Biblioteka Politechniki Koszalińskiej | Biblioteka Politechniki Koszalińskiej | Wypożyczalnia BG | 25795 | 01668582 | Książka |
